00722nam a2200241 a 4500001001300000003000900013005001700022008004100039020001000080082001800090100001300108245007300121260004700194300000900241500003500250505001700285650001600302700001300318902000800331942000700339952011900346999001500465nice12345678IN_TiNIC20260116012355.0050524s1983 sina grp 000 0 eng  ac10000a262.0095bCCA aEtc, Cca aTradition and Innoationb Search for a Relevant Ecclesiology in Asia aSingapurbChristian Conference Indiac1983 a136p aincludes index and biblioraphy2 abibliography aChurch-Asia1 aEtc, Cca bSRS cBK 001040708StackRoom-aHMIbHMId2007-07-11g100.00l0o262.0095 CCAp012631r2007-07-11v100.00w2005-05-24yBK c6752d6752